A la lumiere du marxisme (Record no. 95059)

MARC details
000 -LEADER
campo de control de longitud fija 00563nam a2200169 i 4500
001 - NÚMERO DE CONTROL
campo de control 95059
003 - IDENTIFICADOR DE NÚMERO DE CONTROL
campo de control ES-MaACL
005 - FECHA Y HORA DE LA ÚLTIMA TRANSACCIÓN
campo de control 20250916205409.0
007 - CAMPO FIJO DE DESCRIPCIÓN FÍSICA--INFORMACIÓN GENERAL
campo de control de longitud fija t|
008 - DATOS DE LONGITUD FIJA--INFORMACIÓN GENERAL
campo de control de longitud fija 050520s1935 fr ||||1| fre d
245 05 - MENCIÓN DEL TÍTULO
Título A la lumiere du marxisme
Resto del título : essais. Sciencies physico-mathematiques. Sciences naturelles. Sciences humaines /
Mención de responsabilidad, etc. introduction du Dr. Henry Wallon.
260 ## - PUBLICACIÓN, DISTRIBUCIÓN, ETC.
Lugar de publicación, distribución, etc. Paris :
Nombre del editor, distribuidor, etc. Sociales Internationales,
Fecha de publicación, distribución, etc. 1935.
300 ## - DESCRIPCIÓN FÍSICA
Extensión 312 p. ;
Dimensiones 23 cm.
700 1# - ENTRADA AGREGADA--NOMBRE PERSONAL
Nombre de persona Wallon, Henri,
Fechas asociadas al nombre 1879-1962
9 (RLIN) 152275
852 ## - LOCALIZACIÓN
Ubicación ES-MaACL
Número de control de estantería A-4315
Holdings
Estatus retirado Estado de pérdida Estado de daño No para préstamo Biblioteca de origen Biblioteca actual Ubicación en estantería Fecha de adquisición Fuente de adquisición Total de préstamos Signatura topográfica completa Código de barras Visto por última vez Precio de reemplazo Tipo de ítem Koha
        Biblioteca del Ateneo de Madrid Biblioteca del Ateneo de Madrid Sala Pecera Planta 1 17/01/2008     A-4315 1099268 23/02/2023 23/02/2023 Libro impreso